| 000 -LEADER | |
|---|---|
| fixed length control field | 00390nam a22001697a 4500 |
| 005 - DATE AND TIME OF LATEST TRANSACTION | |
| control field | 20180719163641.0 |
| 008 - FIXED-LENGTH DATA ELEMENTS--GENERAL INFORMATION | |
| fixed length control field | 160623b xxu||||| |||| 00| 0 eng d |
| 020 ## - INTERNATIONAL STANDARD BOOK NUMBER | |
| ISBN | 81-261-1813-X |
| 041 ## - LANGUAGE CODE | |
| Language code of text/sound track or separate title | eng |
| 082 ## - DEWEY DECIMAL CLASSIFICATION NUMBER | |
| Item number | 9311 |
| Classification number | 658.15244 |
| 100 ## - MAIN ENTRY--AUTHOR NAME | |
| Personal name | Bhalla, V.K. |
| 245 ## - TITLE STATEMENT | |
| Title | Working Capital Management |
| 260 ## - PUBLICATION, DISTRIBUTION, ETC. (IMPRINT) | |
| Name of publisher | Anmol |
| 300 ## - PHYSICAL DESCRIPTION | |
| Number of Pages | 844p, |
| 650 ## - SUBJECT ADDED ENTRY--TOPICAL TERM | |
| Topical Term | Management |
| 942 ## - ADDED ENTRY ELEMENTS (KOHA) | |
| Koha item type | Books |
| Lost status | Damaged status | Home library | Shelving location | Date acquired | Cost, normal purchase price | Full call number | Accession Number | Koha item type | Collection code | Current library |
|---|---|---|---|---|---|---|---|---|---|---|
| JRU Library | SHELF - 14 - N | 23/06/2016 | 395.00 | 658.15244 | 9311 | Books | ||||
| JRU Library | SHELF-60-L | 23/06/2016 | 395.00 | 658.15244 | 9312 | Books | MANAGEMENT | JRU Library |